UM Logo

Foundations of special and inclusive education / (Record no. 23801)

MARC details
000 -LEADER
fixed length control field 00628nam a22001817a 4500
005 - DATE AND TIME OF LATEST TRANSACTION
control field 20250919075729.0
008 - FIXED-LENGTH DATA ELEMENTS--GENERAL INFORMATION
fixed length control field 250917b |||||||| |||| 00| 0 eng d
020 ## - INTERNATIONAL STANDARD BOOK NUMBER
International Standard Book Number 9786214510535
082 ## - DEWEY DECIMAL CLASSIFICATION NUMBER
Classification number DFil 371.9 G37 2025
100 ## - MAIN ENTRY--PERSONAL NAME
Personal name Gil, Tyrone O.
Titles and words associated with a name Jr.
9 (RLIN) 67626
245 ## - TITLE STATEMENT
Title Foundations of special and inclusive education /
Statement of responsibility, etc. Tyrone O. Gil.
260 ## - PUBLICATION, DISTRIBUTION, ETC. (IMPRINT)
Place of publication, distribution, etc. Quezon City :
Name of publisher, distributor, etc. Lorimar Publishing, Inc.,
Date of publication, distribution, etc. ©2025.
300 ## - PHYSICAL DESCRIPTION
Extent xiv, 294 pages :
Other physical details illustrations ;
Dimensions 25 cm.
500 ## - GENERAL NOTE
General note Includes appendices and references.
650 #0 - SUBJECT ADDED ENTRY--TOPICAL TERM
Topical term or geographic name as entry element Special education.
9 (RLIN) 67837
710 ## - ADDED ENTRY--CORPORATE NAME
Corporate name or jurisdiction name as entry element Lorimar publishing Inc.,
Relator term author.
9 (RLIN) 50629
942 ## - ADDED ENTRY ELEMENTS (KOHA)
Source of classification or shelving scheme Dewey Decimal Classification
Koha item type Filipiniana
Holdings
Withdrawn status Lost status Source of classification or shelving scheme Damaged status Not for loan Collection code Home library Current library Date acquired Source of acquisition Cost, normal purchase price Total Checkouts Full call number Barcode Date last seen Copy number Price effective from Koha item type
    Dewey Decimal Classification     Filipiniana UM Digos College - LIC UM Digos College - LIC 08/11/2025 Purchased 1102.00   DFil 371.9 G37 2025 28841 09/17/2025 1 09/17/2025 Filipiniana
    Dewey Decimal Classification     Filipiniana UM Digos College - LIC UM Digos College - LIC 08/11/2025 Purchased 1102.00   DFil 371.9 G37 2025 28842 09/17/2025 2 09/17/2025 Filipiniana